|
|
|
|
| LEADER |
00594cam a2200169 7i4500 |
| 001 |
0000031550 |
| 005 |
20140814090000.0 |
| 022 |
0 |
0 |
|a 17483786
|
| 090 |
0 |
0 |
|a P 665.5
|b ALG (ALGR)
|
| 245 |
0 |
0 |
|a Algeria oil & gas report Q1 2014 :
|b Includes 10 - year forecasts to 2022.
|
| 260 |
0 |
0 |
|a London:
|b Business Monitor International,
|c 2014.
|
| 300 |
# |
# |
|a 133 p.
|
| 440 |
0 |
0 |
|a Part of BMI's industry report & forecasts series
|
| 650 |
0 |
0 |
|a Petroleum industry and trade --
|z Algeria
|
| 650 |
0 |
0 |
|a Gas industry and trade --
|z Algeria
|
| 651 |
0 |
0 |
|a Algeria
|
| 999 |
|
|
|a B000034371
|b Book
|c Products
|e Business Information Centre
|